| 000 | 00852nam a22002297a 4500 | ||
|---|---|---|---|
| 999 |
_c15809 _d15809 |
||
| 003 | MIRAKIL | ||
| 005 | 20240327163928.0 | ||
| 008 | 240327b tu ||||| |||| 00| 0 tur d | ||
| 020 | _a9789751619990 | ||
| 040 |
_aTR-AnCHP _cTR-AnCHP |
||
| 041 | _atur | ||
| 082 |
_a398.5 _bK29 2007 |
||
| 245 | 1 | 0 |
_aKazak destanları IV / _canlatan: Murin Jırav (Sengirbayev) ; Türkiye Türkçesine aktaranlar: Fikret Türkmen, Metin Arıkan |
| 260 |
_aAnkara : _bTürk Dil Kurumu, _c2007. |
||
| 300 |
_ac. "4." 1047 s. ; _c24 cm. |
||
| 490 | 0 |
_aTürk Dil Kurumu yayınları ; _v913. |
|
| 490 | 0 |
_aTürkiye Türkçesine Aktarılması ve Yayımlanması Projesi ; _v26. |
|
| 500 | _aKazakça metin içerir | ||
| 650 | 0 |
_97722 _aDestanlar _xKazak |
|
| 856 | _zDijital Nüshası için Partimizin Kütüphane Sorumlusu ile iletişime geçiniz. | ||
| 942 |
_2ddc _cBKS |
||